Tập viết 1 T.2

Đã lưu trong:
Sonraí Bibleagrafaíochta
Príomhúdar: Đặng, Thị Lanh
Údair Eile: Hoàng, Cao Cương
Formáid: Leabhar
Teanga:Undetermined
Foilsithe: H. Giáo dục 2002
Ábhair:
Rochtain Ar Líne:http://lrc.tdmu.edu.vn/opac/search/detail.asp?aID=2&ID=4254
Clibeanna: Cuir Clib Leis
Gan Chlibeanna, Bí ar an gcéad duine leis an taifead seo a chlibeáil!
Thư viện lưu trữ: Trung tâm Học liệu Trường Đại học Thủ Dầu Một
LEADER 00623nam a2200217Ia 4500
001 TDMU_4254
008 210410s9999 xx 000 0 und d
082 |a 372.63 
090 |b Đ106 
100 |a Đặng, Thị Lanh 
245 0 |a Tập viết 1 
245 0 |c Đặng Thị Lanh 
245 0 |n T.2 
260 |a H. 
260 |b Giáo dục 
260 |c 2002 
300 |a 44tr 
650 |a Tập viết; Sách lớp 1 
700 |a Hoàng, Cao Cương 
856 |u http://lrc.tdmu.edu.vn/opac/search/detail.asp?aID=2&ID=4254 
980 |a Trung tâm Học liệu Trường Đại học Thủ Dầu Một